János Vitéz a Komáromi Jókai Színházban

Bibliographic Details
Main Author: Bárány, János, 1966- (Author)
Format: Article
Language:Hungarian
PhysicalDescription:Fotogr.
Subjects:

MARC

LEADER 00000nab a2200000 a 4500
001 vtls000822452
003 SK-MaSNL
005 20260318114731.0
008 160405c2002 xo 0 hun
015 |a SNBRB2003/01-02498 
035 |a CLN000174107 
040 |a SNKBUCL  |b slo  |c SNKBUCL  |e AACR2 
041 0 |a hun 
044 |a xo  |c SK 
080 |a 792.5  |2 1997 
100 1 |a Bárány, János,  |d 1966-  |4 aut  |9 361125 
245 1 0 |a János Vitéz a Komáromi Jókai Színházban  |c Bárány János 
300 |b Fotogr. 
500 |a Réžia Quintus Konrád 
600 1 7 |a Kacsóh, Pongrác  |d 1873-1923  |t János vitéz  |x recenzie  |2 snkbucl  |9 1615694 
610 2 7 |a Jókaiho divadlo v Komárne - Komáromi Jókai Színház  |2 snkbucl  |9 32950 
651 7 |a Komárno (Slovensko : okres)  |2 snkbucl  |9 15954 
655 7 |a články z novín a časopisov  |2 snkbucl  |9 267496 
773 0 |t Tücsök  |g Roč. 13, č. 4 (2002), s. 15 
850 |a Slovenská národná knižnica v Martine 
852 |a SNK  |b KIS3GCP 
958 |a HU 
958 |a RC 
958 |a SK 
958 |a RBX 
999 |c 3328977  |d 3330907